000 00779nam a2200253 a 4500
999 _c11022
_d11022
001 11022
003 BD-JhCC
005 20190725133122.0
008 190725b 2012bg |||| ||a| 000 0 ben d
020 _a9847011201757
035 _a(BD-JhCC)11022
040 _aBD-JhCC
_dBD-JhCC
041 _aben
082 _a153
_bAHM 2012
100 _aআহমাদ, মোস্তফা
245 _aমেধা বিকাশের সহজ উপায় /
_cমোস্তফা আহমাদ ।
260 _aঢাকাঃ
_bঝিনুক প্রকাশনী;
_c২০১২.
300 _a৯৩ পৃঃ . :
_c২২ সেমি.
650 _aAge And intelligence
650 _amemory
650 _acogniton
942 _2ddc
_cBK